[Event "CHN Team Asian Games Q2"]
[Site "Hangzhou CHN"]
[Date "2022.04.14"]
[Round "1.3"]
[White "Wei Yi"]
[Black "Zhang Zhong"]
[Result "1/2-1/2"]
[WhiteElo "2729"]
[BlackElo "2640"]

1.c4 e5 2.Nc3 Nf6 3.Nf3 Nc6 4.g3 d5 5.cxd5 Nxd5 6.Bg2 Nb6 7.O-O Be7 8.a3 a5
9.d3 O-O 10.Be3 Be6 11.Rc1 a4 12.Nd2 f5 13.Bxb6 cxb6 14.Nc4 e4 15.Nb5 Bxc4
16.dxc4 Qxd1 17.Rfxd1 Bf6 18.g4 g6 19.gxf5 gxf5 20.f3 Bg5 21.Rc3 Bf6 22.Rc2 Rad8
23.Rxd8 Rxd8 24.fxe4 Bd4+ 25.Kf1 Be3 26.Bh3 Rd1+ 27.Kg2 f4 28.Bf5 Kf7 29.Kh3 Kf6
30.Nc3 Rg1 31.Nd5+ Kg5 32.Bxh7 Nd4 33.e5 Rg4 34.Nf6 Rh4+ 35.Kg2 f3+ 36.exf3 Nxc2
37.Bxc2 Rxc4 38.Be4 Bd4 39.Nd7 Rc7 40.e6 Bc5 41.h4+ Kxh4 42.f4 Kg4 43.f5 Be7
44.Nxb6 Kf4 45.Bd3 Rc5 46.Kf2 Rxf5 47.Bxf5 Kxf5 48.Ke3 Kxe6 49.Kd3 Bf6 50.Nxa4 Kd5
51.Nc3+ Kc6 52.a4 Be5 53.Kc4 Bg3 54.Nb5 Be1 55.b4 Kb6 56.Nd4 Ka6 57.Nc2 Bf2
58.Na3 Be1 59.Nb5 Bf2 60.Nd6 Be1 61.Kb3 Bg3 62.Ne4 Be1 63.Nc5+ Kb6 64.Kc4 Bd2
65.Nb3 Be1 66.a5+ Ka7 67.Kb5 Bxb4 68.Kxb4 b6 69.axb6+ Kxb6  1/2-1/2

[Event "CHN Team Asian Games Q2"]
[Site "Hangzhou CHN"]
[Date "2022.04.15"]
[Round "2.2"]
[White "Bu Xiangzhi"]
[Black "Wei Yi"]
[Result "1/2-1/2"]
[WhiteElo "2708"]
[BlackElo "2729"]

1.Nf3 Nf6 2.c4 e6 3.Nc3 d5 4.d4 Bb4 5.Bg5 h6 6.Bxf6 Qxf6 7.e3 O-O 8.Rc1 dxc4
9.Bxc4 c5 10.O-O cxd4 11.Nxd4 Bd7 12.Qb3 Nc6 13.Nxc6 Bxc3 14.Qxb7 Bxc6 15.Qxc6 Bxb2
16.Rc2 Ba3 17.Bb3 Qe7 18.Rd1 Rad8 19.Rcd2 Rxd2 20.Rxd2 Rd8 21.Rxd8+ Qxd8
22.g3 g6 23.Kg2 Bf8 24.h4 h5 25.Bc4 a5 26.Bb3 Bg7 27.Bc4 Bf6 28.Bb3 Bg7 29.Bc4 Bf6
30.Bb3 Bg7  1/2-1/2

[Event "CHN Team Asian Games Q2"]
[Site "Hangzhou CHN"]
[Date "2022.04.16"]
[Round "3.1"]
[White "Wei Yi"]
[Black "Ding Liren"]
[Result "1/2-1/2"]
[WhiteElo "2729"]
[BlackElo "2799"]

1.e4 e5 2.Nf3 Nc6 3.Nc3 Nf6 4.Bb5 Nd4 5.Bc4 Bc5 6.Nxe5 Qe7 7.Nf3 d5 8.Bxd5 Bg4
9.d3 O-O-O 10.Be3 Nxd5 11.Nxd5 Rxd5 12.exd5 Re8 13.O-O Bxf3 14.gxf3 Bd6 15.f4 Qh4
16.Bxd4 Bxf4 17.Kg2 Qxh2+ 18.Kf3 Qh3+ 19.Kxf4 Qh2+ 20.Kf3 Qh3+ 21.Kf4 Qh2+
22.Kf5 g6+ 23.Kg4 Qg2+ 24.Kh4 Qh2+ 25.Kg4 Qg2+ 26.Kh4 Qh2+ 27.Kg4 Qg2+ 28.Kh4 Qh2+
29.Kg4 Qg2+ 30.Kh4 Qh2+  1/2-1/2

[Event "CHN Team Asian Games Q2"]
[Site "Hangzhou CHN"]
[Date "2022.04.17"]
[Round "4.3"]
[White "Wei Yi"]
[Black "Ma Qun"]
[Result "1/2-1/2"]
[WhiteElo "2729"]
[BlackElo "2645"]

1.d4 Nf6 2.c4 e6 3.Nc3 Bb4 4.Nf3 b6 5.e3 Ne4 6.Qc2 Bb7 7.Bd3 f5 8.Nd2 Bxc3
9.bxc3 Qh4 10.g3 Qh3 11.Bf1 Qh5 12.Bg2 Qg6 13.Ba3 d6 14.Nxe4 fxe4 15.c5 dxc5
16.dxc5 Nd7 17.Qa4 e5 18.O-O Bc6 19.Qb3 Qf7 20.cxb6 axb6 21.c4 Qe6 22.Bb4 Kf7
23.a4 Ra7 24.a5 b5 25.f4 exf3 26.e4 Nf6 27.Qxf3 Rd8 28.Bc5 Ra6 29.g4 Kg8
30.g5 Bxe4 31.Qh3 Bxg2 32.Qxg2 Nh5 33.cxb5 Raa8 34.Rae1 Qc4 35.Rxe5 Re8 36.Qf3 h6
37.Rf5 g6 38.Rf8+ Rxf8 39.Bxf8 Rxa5 40.gxh6 Rxb5 41.Qf7+ Qxf7 42.Rxf7 Rf5
43.Rxf5 gxf5 44.Be7 Kh7 45.Bg5 Kg6 46.Kf2 Nf6 47.Bxf6 Kxf6 48.Ke3 c5 49.Kf4 c4
50.Ke3 Kg6 51.Kd4 Kxh6 52.Kxc4 Kg5 53.Kd3 Kg4 54.Ke3 Kh3 55.Kf4 Kxh2 56.Kxf5  1/2-1/2

[Event "CHN Team Asian Games Q2"]
[Site "Hangzhou CHN"]
[Date "2022.04.18"]
[Round "5.3"]
[White "Xu,Xiangyu"]
[Black "Wei Yi"]
[Result "1/2-1/2"]
[WhiteElo "2564"]
[BlackElo "2729"]

1.d4 Nf6 2.c4 e6 3.Nf3 d5 4.Nc3 Bb4 5.Bg5 h6 6.Bxf6 Qxf6 7.e3 O-O 8.Rc1 dxc4
9.Bxc4 c5 10.O-O cxd4 11.Nxd4 Bd7 12.Qb3 Nc6 13.Nxc6 Bxc3 14.Qxb7 Bxc6 15.Qxc6 Bxb2
16.Rcd1 Rac8 17.Qa6 Rc7 18.Bb3 Qe5 19.Rd2 Rfc8 20.Rfd1 Kh7 21.Qd6 Qf6 22.Qd3+ g6
23.Qe4 Bc3 24.Rc2 Be1 25.Rxe1 Rxc2 26.Bxc2 Qc3 27.Kf1 Qxc2 28.Qxc2 Rxc2 29.Re2 Rc1+
30.Re1 Rc5 31.Rd1 Ra5  1/2-1/2

[Event "CHN Team Asian Games Q2"]
[Site "Hangzhou CHN"]
[Date "2022.04.20"]
[Round "6.2"]
[White "Zhang Zhong"]
[Black "Wei Yi"]
[Result "0-1"]
[WhiteElo "2640"]
[BlackElo "2729"]

1.e4 c5 2.Nf3 d6 3.Bb5+ Nd7 4.d4 cxd4 5.Qxd4 a6 6.Bxd7+ Bxd7 7.c4 Nf6 8.Bg5 e6
9.Nc3 Bc6 10.O-O Be7 11.a4 O-O 12.Rfd1 h6 13.Bh4 Qa5 14.Qd3 Rac8 15.b3 Rfd8
16.Nd4 Be8 17.f3 Qh5 18.Bf2 d5 19.cxd5 Bd6 20.Bg3 Bxg3 21.hxg3 exd5 22.e5 Qxe5
23.Nce2 Bd7 24.Rac1 g5 25.Kf2 Rxc1 26.Rxc1 Re8 27.a5 Bb5 28.Nxb5 axb5 29.Rc5 b4
30.Rb5 Qb2 31.Rxb7 Nh5 32.a6 Nxg3 33.Kxg3 Rxe2 34.Qxe2 Qxe2 35.a7 Qe5+ 36.Kf2 Qb2+
37.Kg3 Qe5+ 38.Kf2 Qd4+ 39.Ke2 Qb2+ 40.Kd3 Qc3+ 41.Ke2 Qb2+ 42.Kd3 Qb1+ 43.Kd4 Qa1+
44.Kxd5 Kg7 45.Kc6 Qa5 46.Rc7 Qa6+ 47.Kc5 Qa5+ 48.Kc6 Qa6+ 49.Kc5 h5 50.Kxb4 Qb6+
51.Ka4 Qa6+ 52.Kb4 Kf6 53.Kc5 Ke5 54.Re7+ Kf6 55.Rc7 Qa3+ 56.Kc6 Ke5 57.b4 Qa6+
58.Kd7 Qa4+ 59.Ke7 Qxb4+ 60.Kxf7 Qa3 61.Kg6 g4 62.fxg4 hxg4 63.Kg5 Qa4 64.Kh4 Kf5
65.Rf7+ Ke5 66.Rg7 Qa2 67.Kg3 Kf5 68.Rxg4 Qa3+ 69.Kh4 Qxa7 70.Kh3 Qe3+ 71.Kh4 Qe1+
72.Kh3 Qe3+ 73.Kh4 Ke5 74.Rg5+ Kf4 75.Rg4+ Kf5 76.Ra4 Qc3 77.Rg4 Qe3 78.Ra4 Qd3
79.Rb4 Qd6 80.Rb5+ Kf6 81.g3 Qd4+ 82.Kh5 Qd1+ 83.Kh4 Qa4+  0-1

[Event "CHN Team Asian Games Q2"]
[Site "Hangzhou CHN"]
[Date "2022.04.21"]
[Round "7.2"]
[White "Wei Yi"]
[Black "Bu Xiangzhi"]
[Result "1/2-1/2"]
[WhiteElo "2729"]
[BlackElo "2708"]

1.e4 e5 2.Nf3 Nc6 3.Bc4 Bc5 4.c3 Nf6 5.d3 d6 6.O-O a5 7.Re1 h6 8.Nbd2 O-O
9.h3 a4 10.Bb5 Bd7 11.Nc4 Na5 12.Nxa5 Rxa5 13.Bxd7 Qxd7 14.Be3 Bxe3 15.Rxe3 Re8
16.b4 axb3 17.axb3 Rea8 18.Rxa5 Rxa5 19.d4 Ra8 20.c4 Qe7 21.b4 exd4 22.Qxd4 Nd7
23.e5 Nxe5 24.Nxe5 dxe5 25.Qxe5 Qxe5 26.Rxe5 Kf8 27.Kf1 Ra4 28.Rc5 Rxb4 29.Rxc7 Rb2
30.c5 g6 31.c6 bxc6 32.Rxc6  1/2-1/2

[Event "CHN Team Asian Games Q2"]
[Site "Hangzhou CHN"]
[Date "2022.04.22"]
[Round "8.1"]
[White "Ding Liren"]
[Black "Wei Yi"]
[Result "1/2-1/2"]
[WhiteElo "2799"]
[BlackElo "2729"]

1.d4 Nf6 2.c4 e6 3.Nf3 d5 4.Nc3 c5 5.cxd5 cxd4 6.Qxd4 exd5 7.e4 dxe4 8.Qxd8+ Kxd8
9.Ng5 Be6 10.Nxe6+ fxe6 11.Bg5 Nc6 12.Bc4 Ke7 13.Nxe4 Kf7 14.Bxf6 gxf6 15.O-O-O Rd8
16.Rxd8 Nxd8 17.Rd1 Be7 18.Rd7 f5 19.Nd6+ Kf6 20.Nxb7 Nxb7 21.Rxb7 Bc5 22.Rc7 Bxf2
23.Rc6 Re8 24.b4 Rb8 25.Rxe6+ Kg5 26.b5 Rc8 27.Rc6 Rxc6 28.bxc6 Bb6 29.Kc2 Bc7
30.Kb3 f4 31.Ba6 Kf6 32.Kc4 h6 33.Kd5 Ke7 34.a4 Kf6 35.h3 Ke7 36.Kc5 Kf6
37.a5 Ke7 38.Kb5 Bd8 39.Bc8 Kd6 40.Bd7 Bc7 41.Ka6 Bd8 42.Kxa7 Bxa5 43.Kb7 Bd8
44.Bg4 Ba5 45.Bf3 Bd8 46.Bg4  1/2-1/2

[Event "CHN Team Asian Games Q2"]
[Site "Hangzhou CHN"]
[Date "2022.04.23"]
[Round "9.3"]
[White "Wei Yi"]
[Black "Xu,Xiangyu"]
[Result "1/2-1/2"]
[WhiteElo "2729"]
[BlackElo "2564"]

1.d4 Nf6 2.c4 e6 3.Nc3 Bb4 4.Nf3 d5 5.Bg5 h6 6.Bxf6 Qxf6 7.e3 O-O 8.Rc1 dxc4
9.Bxc4 c5 10.O-O cxd4 11.Ne4 Qe7 12.Nxd4 Bd7 13.Be2 Nc6 14.a3 Nxd4 15.Qxd4 Ba5
16.Qc5 Bd8 17.Qxe7 Bxe7 18.Rc7 Rfd8 19.Bf3 a5 20.Rxb7 Rab8 21.Rxb8 Rxb8 22.Rd1 Bc6
23.Rd2 Bxa3 24.bxa3 Rb1+ 25.Rd1 Bxe4 26.Rxb1 Bxb1 27.Kf1 Kf8 28.Ke2 Ke7 29.Kd2 Kd6
30.Kc3 Kc5 31.g3 f6 32.Bg2 Bh7 33.f4 e5 34.Bf3 Bb1 35.Bg2  1/2-1/2

[Event "CHN Team Asian Games Q2"]
[Site "Hangzhou CHN"]
[Date "2022.04.24"]
[Round "10.2"]
[White "Ma Qun"]
[Black "Wei Yi"]
[Result "1/2-1/2"]
[WhiteElo "2645"]
[BlackElo "2729"]

1.e4 e5 2.Nf3 Nc6 3.d4 exd4 4.Nxd4 Nf6 5.Nc3 Bb4 6.Nxc6 bxc6 7.Bd3 O-O 8.O-O d5
9.exd5 cxd5 10.Bg5 c6 11.Qf3 Rb8 12.Ne2 Bg4 13.Bxf6 Bxf3 14.Bxd8 Bxe2 15.Bxe2 Re8
16.Bc7 Rb7 17.Bd3 Rxc7 18.a3 Bc5 19.Rfe1 Rxe1+ 20.Rxe1 Re7 21.Kf1 Rxe1+ 22.Kxe1 Kf8
23.b4 Bd4 24.Ke2 h6 25.c4 dxc4 26.Bxc4 Bb2 27.a4 Ba3 28.b5 cxb5 29.Bxb5 a5
30.h3 Bb4 31.Kf1  1/2-1/2

[Event "Chessable Masters KO 2022"]
[Site "chess24.com INT"]
[Date "2022.05.23"]
[Round "1.11"]
[White "Wei Yi"]
[Black "Praggnanandhaa,R"]
[Result "0-1"]
[WhiteElo "2727"]
[BlackElo "2642"]

1.d4 Nf6 2.c4 e6 3.Nf3 d5 4.Nc3 c5 5.cxd5 Nxd5 6.e4 Nxc3 7.bxc3 cxd4 8.cxd4 Bb4+
9.Bd2 Bxd2+ 10.Qxd2 O-O 11.h4 b6 12.Rd1 Ba6 13.h5 h6 14.Rh3 Bxf1 15.Kxf1 Nd7
16.Rg3 Kh8 17.e5 Rc8 18.Qf4 Qc7 19.Qg4 Rg8 20.a3 b5 21.Kg1 a5 22.Re1 Qc4
23.Nd2 Qd5 24.Qe4 Nb6 25.Qf4 Rc7 26.Rd1 Qa2 27.Qg4 Nd5 28.Ne4 Qc2 29.Nf6 Nxf6
30.exf6 g5 31.hxg6 Rxg6 32.Qh5 Rxg3 33.fxg3 Kh7 34.Kh2 b4 35.axb4 axb4 36.d5 Qg6
37.Qh4 Rd7 38.Rd4 Rxd5 39.Rxd5 exd5 40.Qxb4 Qxf6 41.Qd2 Qf5 42.Qd4 Kg6 43.Qh8 Qf6
44.Qg8+ Kf5 45.Qc8+ Qe6 46.Qc1 Kg6 47.Qc2+ Kg7 48.Qc3+ Qf6 49.Qd3 Qe5 50.Qf3 h5
51.Kh3 d4 52.Qd3 Kh6 53.Qf3 Kg7 54.Kh2 f6 55.Kh3 Kh6 56.Qa8 Kg7 57.Qf3 Kg6
58.Kh2 Qd6 59.Qd3+ Kg7 60.Kh1 Qd5 61.Kh2 Qe5 62.Qf3 Kf7 63.Qb3+ Kf8 64.Qa3+ Kf7
65.Qb3+ Qe6 66.Qd3 Qd5 67.Qh7+ Kf8 68.Qh6+ Ke7 69.Qg7+ Qf7 70.Qh6 Kd6 71.Qf4+ Kc5
72.Kg1 Qe6 73.Qc1+ Kd5 74.Kf2 Qf5+ 75.Ke1 Qe4+ 76.Kf2 d3 77.Qd2 Qd4+ 78.Kf3 Ke5
79.Qe1+ Kf5 80.Qa5+ Qe5 81.Qa2 Qe4+ 82.Kf2 Qd4+ 83.Kf3 d2 84.Qc2+ Kg5 85.Ke2 d1=Q+
86.Qxd1 Qxd1+ 87.Kxd1 Kg4 88.Ke2 Kxg3 89.Kf1 h4 90.Kg1 h3  0-1

[Event "Chessable Masters KO 2022"]
[Site "chess24.com INT"]
[Date "2022.05.23"]
[Round "1.14"]
[White "Praggnanandhaa,R"]
[Black "Wei Yi"]
[Result "1/2-1/2"]
[WhiteElo "2642"]
[BlackElo "2727"]

1.d4 Nf6 2.c4 c5 3.d5 e5 4.Nc3 d6 5.e4 Be7 6.h3 O-O 7.Nf3 Nbd7 8.Be3 a6 9.a4 g6
10.g4 Ne8 11.Bd3 Ndf6 12.Qe2 Ng7 13.O-O-O Bd7 14.Kc2 Qa5 15.Ra1 Rfb8 16.Nd2 Qd8
17.f4 exf4 18.Bxf4 Nfe8 19.e5 dxe5 20.Bxe5 Bd6 21.Bxd6 Nxd6 22.Nde4 Nge8
23.Nxc5 Rc8 24.Nxd7 Qxd7 25.a5 Qc7 26.b3 Nf6 27.h4 Nb5 28.Nxb5 axb5 29.Qf3 Nd7
30.Rhf1 Ne5 31.Qf4 Re8 32.Rfe1 Rad8 33.Rad1 Rxd5 34.h5 bxc4 35.Bxc4 Rxd1
36.Kxd1 Re7 37.h6 Qxa5 38.Bxf7+ Rxf7 39.Qxe5 Rd7+ 40.Kc1 Qa3+ 41.Kc2 Qa2+
42.Kc1 Qd2+ 43.Kb1 Qd3+ 44.Kb2 Qd2+ 45.Kb1 Qd3+ 46.Kb2 Qd2+ 47.Kb1  1/2-1/2

[Event "Chessable Masters KO 2022"]
[Site "chess24.com INT"]
[Date "2022.05.23"]
[Round "1.12"]
[White "Praggnanandhaa,R"]
[Black "Wei Yi"]
[Result "1-0"]
[WhiteElo "2642"]
[BlackElo "2727"]

1.e4 c5 2.Nf3 d6 3.Bb5+ Nd7 4.d4 cxd4 5.Nxd4 Nf6 6.O-O e5 7.Nf5 a6 8.Bd3 Nc5
9.Nc3 d5 10.Bg5 dxe4 11.Bxe4 Ncxe4 12.Nxg7+ Bxg7 13.Qxd8+ Kxd8 14.Nxe4 Ke7
15.f4 Ke6 16.f5+ Ke7 17.Rad1 h6 18.Bh4 a5 19.Rd5 Ra6 20.Rxe5+ Kd8 21.Rc5 Re8
22.Rd1+ Bd7 23.Nd6 Rb6 24.Nxe8 Kxe8 25.Re5+ Kf8 26.Re2 Bc6 27.Rd8+ Ne8 28.f6 Bh8
29.c4 Ra6 30.b3 b5 31.c5 Ra7 32.Bg3 Bxf6 33.Bd6+ Be7 34.Rc8 Bxd6 35.cxd6 Bd7
36.Rd8 Bc6 37.Rc2 Rd7 38.Rxe8+ Kxe8 39.Rxc6 Rb7 40.Kf2 Kd7 41.Ra6 a4 42.Ke3 axb3
43.axb3 b4 44.Kd4 Rb5 45.Ra7+ Kxd6 46.Rxf7 Rh5 47.h3 Rh4+ 48.Ke3 Ke5 49.Re7+ Kd5
50.Kf3 Kd4 51.Rc7 Kd3 52.Rc6 h5 53.Rc5 Kd2 54.Kg3 Rd4 55.h4 Re4 56.Rxh5 Kc3
57.Kf3 Rd4 58.g4 Kxb3 59.Rb5 Kc4 60.Rb8 Rd3+ 61.Kf4 Rd4+ 62.Kf5 Rd5+ 63.Kf6 Rd4
64.Kf5 Rd5+ 65.Ke6 Rb5 66.Rc8+ Rc5 67.Rf8 b3 68.Rf1 Rc6+ 69.Kf7 Kd5 70.g5 Ke5
71.Kg7 b2 72.Rb1 Rb6 73.g6 Kf5 74.Kh7 Rb7+ 75.g7 Kf6 76.Rf1+ Ke5 77.Kh8 Rb4
78.Rh1  1-0

[Event "Chessable Masters KO 2022"]
[Site "chess24.com INT"]
[Date "2022.05.23"]
[Round "1.13"]
[White "Wei Yi"]
[Black "Praggnanandhaa,R"]
[Result "1-0"]
[WhiteElo "2727"]
[BlackElo "2642"]

1.c4 e5 2.Nc3 Bb4 3.g3 Bxc3 4.bxc3 d6 5.Bg2 Nc6 6.c5 dxc5 7.Bxc6+ bxc6 8.Qa4 Qd5
9.f3 Nf6 10.c4 Qd6 11.d3 Be6 12.Qa5 O-O 13.Be3 Nd7 14.g4 Rab8 15.Nh3 h5 16.Nf2 hxg4
17.fxg4 Rb2 18.Qxa7 Rfb8 19.Qa3 e4 20.Nxe4 Qe5 21.h3 f5 22.gxf5 Bxf5 23.Qc3 Bxe4
24.Qxe5 Nxe5 25.dxe4 Nxc4 26.Bxc5 Rxa2 27.Rxa2 Rb1+ 28.Kf2 Rxh1 29.Rc2 Nd6
30.e5 Ne4+ 31.Kg2 Rd1 32.Be3 Rd5 33.Bf4 Nc5 34.Kf3 Ne6 35.Rxc6 Kf7 36.e3 Rd1
37.Ke4 Rh1 38.Kf5 g6+ 39.Kg4 Rg1+ 40.Kf3 Rh1 41.Kg2 Re1 42.h4 Ra1 43.Kf3 Rf1+
44.Kg4 Rg1+ 45.Kf3 Rf1+ 46.Ke4 Rh1 47.Bg5 Ra1 48.Bf6 Rg1 49.Rc2 g5 50.h5 Rh1
51.Rd2 Rxh5 52.Rd7+ Kg6 53.Kd5 Nf8 54.Rg7+ Kh6 55.Rxc7 Ng6 56.Bg7+ Kh7 57.e6 g4+
58.Ke4 Rb5 59.Bf6+ Kh6 60.Rc1 Kh7 61.Rh1+ Kg8 62.Rh6  1-0

[Event "FTX Road to Miami Prelim"]
[Site "chess24.com INT"]
[Date "2022.07.10"]
[Round "2.8"]
[White "Shankland,S"]
[Black "Wei Yi"]
[Result "1/2-1/2"]
[WhiteElo "2720"]
[BlackElo "2727"]

1.e4 c5 2.Nf3 d6 3.d4 cxd4 4.Nxd4 Nf6 5.Nc3 a6 6.Be3 e5 7.Nb3 Be6 8.h3 Be7
9.Qf3 O-O 10.g4 a5 11.a4 Na6 12.O-O-O Nb4 13.Nc5 Qc8 14.g5 dxc5 15.gxf6 Bxf6
16.Rg1 Kh8 17.Bb5 c4 18.h4 Nc6 19.Bg5 Bxg5+ 20.hxg5 f5 21.Qh5 Qe8 22.g6 h6
23.Nd5 Rc8 24.f3 fxe4 25.fxe4 Rf2 26.c3 Qf8 27.Kb1 Nd4 28.Qxe5 Rxb2+ 29.Kxb2 Qf2+
30.Ka1 Nc2+ 31.Kb1 Na3+ 32.Ka1 Nc2+ 33.Kb1 Na3+ 34.Ka1 Nc2+  1/2-1/2

[Event "FTX Road to Miami Prelim"]
[Site "chess24.com INT"]
[Date "2022.07.10"]
[Round "3.1"]
[White "Wei Yi"]
[Black "Niemann,Hans Moke"]
[Result "1/2-1/2"]
[WhiteElo "2727"]
[BlackElo "2688"]

1.e4 e5 2.Nf3 Nc6 3.Bb5 Nf6 4.d3 Bc5 5.Bxc6 dxc6 6.Nbd2 Be6 7.O-O Qd6 8.Nb3 Bb6
9.Bd2 a5 10.Qe1 a4 11.Na5 Ra7 12.Nc4 Bxc4 13.dxc4 O-O 14.Bc3 Re8 15.Rd1 Qc5
16.b3 Qa3 17.Qe2 Raa8 18.Bxe5 Qe7 19.h3 axb3 20.cxb3 h6 21.Qb2 Nxe4 22.Bxg7 Qe6
23.Bd4 Bxd4 24.Rxd4 Qf6 25.Qc2 Nc5 26.Rfd1 Kh8 27.Qd2 Ne6 28.Rh4 Kg7 29.Rg4+ Kh8
30.Rh4 Kg7 31.Rg4+ Kh8 32.Ne5 h5 33.Re4 Kg8 34.Nd7 Qg7 35.Qe2 Qg6 36.Qxh5 Qxh5
37.Nf6+ Kf8 38.Nxh5 Rxa2 39.Nf6 Rea8 40.Nd7+ Kg7 41.Rg4+ Kh7 42.Rh4+ Kg6
43.Rg4+ Kf5 44.Rd3 Ng5 45.Rdg3 f6 46.Nxf6 Nxh3+ 47.gxh3 Kxf6 48.Rg7 Ke5 49.Rf3 Kd6
50.Rf6+ Kc5 51.Rxc7 Rg8+ 52.Kh2 Ra1 53.Rf3 b6 54.b4+ Kxc4 55.Rxc6+ Kb5 56.Re6 Rgg1
57.Rf5+ Kxb4 58.Rxb6+ Kc4 59.Rh6 Kd3 60.Re6 Kd4 61.Re3 Rgf1 62.Kg2 Rg1+ 63.Kf3 Rg8
64.Re4+ Kd3 65.Re3+ Kd4 66.Re4+ Kd3 67.Rg4 Rh8 68.Kg2 Re1 69.Rf3+ Kd2 70.Ra4 Re7
71.Ra2+ Kc1 72.Re3 Rg8+ 73.Kf1 Rxe3 74.fxe3 Rg3 75.e4 Rxh3 76.e5 Kd1 77.e6 Rf3+
78.Kg2 Re3 79.Ra6 Ke2 80.Rd6 Ke1 81.Rb6 Ke2 82.Rd6 Ke1 83.Rb6 Ke2 84.Rb2+ Ke1
85.Rf2 Rxe6 86.Rf3 Ke2 87.Ra3 Re3 88.Rxe3+ Kxe3  1/2-1/2

[Event "FTX Road to Miami Prelim"]
[Site "chess24.com INT"]
[Date "2022.07.10"]
[Round "4.8"]
[White "Wei Yi"]
[Black "Dominguez Perez,L"]
[Result "1-0"]
[WhiteElo "2727"]
[BlackElo "2754"]

1.e4 e5 2.Nf3 Nf6 3.Nxe5 d6 4.Nf3 Nxe4 5.d4 d5 6.Bd3 Bd6 7.O-O O-O 8.c4 c6
9.Re1 Bf5 10.Qb3 Qd7 11.c5 Bc7 12.Nbd2 Re8 13.Nh4 Be6 14.Qc2 Na6 15.a3 Bg4
16.Nxe4 dxe4 17.Rxe4 Rxe4 18.Bxe4 Qxd4 19.Be3 Qf6 20.Nf3 Bxf3 21.Bxf3 Rd8
22.Rd1 Rxd1+ 23.Qxd1 Qxb2 24.Qd7 Qb1+ 25.Bd1 h5 26.g3 Nb8 27.Qd4 g6 28.Kg2 Qf5
29.Qb2 h4 30.Qxb7 Qd5+ 31.Bf3 h3+ 32.Kxh3 Qxf3 33.Qxc7 Qh5+ 34.Kg2 Qd5+ 35.f3 Nd7
36.Qd6 Ne5 37.Qxd5 cxd5 38.Kf2 Nc6 39.g4 f6 40.h4 Kf7 41.h5 Kg7 42.Bd2 a6
43.Kg3 Kf7 44.Kf4 Kg7 45.Bc3 Kf7 46.Bb2 Nd8 47.h6 Ne6+ 48.Ke3 Nxc5 49.h7 Kg7
50.Bxf6+ Kxh7 51.Kd4 Nb3+ 52.Kxd5 Nd2 53.f4 Kg8 54.Bc3 Nf1 55.Kc6 Ne3 56.Kb7 Nc4
57.a4 a5 58.Ka6 Kf7 59.Kb5 Ne3 60.Bxa5 Ke6 61.Kc6 Nxg4 62.Bc3 Ne3 63.a5 Nd5
64.a6 Ne7+ 65.Kb7  1-0

[Event "FTX Road to Miami Prelim"]
[Site "chess24.com INT"]
[Date "2022.07.11"]
[Round "5.2"]
[White "Duda,J"]
[Black "Wei Yi"]
[Result "1-0"]
[WhiteElo "2750"]
[BlackElo "2727"]

1.e4 c5 2.Nf3 d6 3.Bb5+ Nd7 4.Ba4 Nf6 5.d3 a6 6.c4 g6 7.Nc3 Bg7 8.O-O O-O
9.h3 Ne5 10.Nxe5 dxe5 11.Be3 b6 12.Rb1 Qd6 13.a3 Rd8 14.b4 cxb4 15.axb4 e6
16.Qf3 Nd7 17.Rfd1 Qc7 18.Rb3 b5 19.cxb5 Nb6 20.bxa6 Bxa6 21.Bb5 Bxb5 22.Nxb5 Qc6
23.Na3  1-0

[Event "FTX Road to Miami Prelim"]
[Site "chess24.com INT"]
[Date "2022.07.11"]
[Round "7.3"]
[White "Erigaisi,Arjun"]
[Black "Wei Yi"]
[Result "1/2-1/2"]
[WhiteElo "2689"]
[BlackElo "2727"]

1.e4 c5 2.Nf3 d6 3.Bb5+ Nd7 4.Ba4 Nf6 5.O-O a6 6.c4 e6 7.Nc3 Be7 8.d4 cxd4
9.Nxd4 O-O 10.Qe2 Qc7 11.Bg5 h6 12.Be3 Ne5 13.Bb3 Neg4 14.Bd2 d5 15.Nf3 d4
16.e5 dxc3 17.Bxc3 Nh5 18.Nd4 f5 19.h3 Qxe5 20.hxg4 Qxe2 21.Nxe2 fxg4 22.Rad1 Bc5
23.Bd4 Bxd4 24.Rxd4 e5 25.Rd5 Be6 26.Rxe5 Bf7 27.Rd1 Rfe8 28.Rxe8+ Rxe8 29.Kf1 Nf6
30.Nc3 Rc8 31.Rd4 Kf8 32.Ne4 Nxe4 33.Rxe4 h5 34.Rd4 b5 35.cxb5 Bxb3 36.axb3 axb5
37.Rd5 Rc1+ 38.Ke2 Rc2+ 39.Kf1 Rc1+ 40.Ke2 Rc2+ 41.Kf1 Rc1+  1/2-1/2

[Event "FTX Road to Miami KO 2022"]
[Site "chess24.com INT"]
[Date "2022.07.14"]
[Round "1.22"]
[White "Wei Yi"]
[Black "Sevian,Samuel"]
[Result "1-0"]
[WhiteElo "2727"]
[BlackElo "2684"]

1.b3 d5 2.Bb2 Bf5 3.d3 e6 4.Nd2 Nf6 5.g3 h6 6.Bg2 Be7 7.Ngf3 O-O 8.O-O Bh7
9.Qe1 c5 10.Ne5 Nfd7 11.Nxd7 Qxd7 12.e4 Nc6 13.f4 Rac8 14.Qf2 Nb4 15.Rfc1 dxe4
16.Nxe4 Nc6 17.Nxc5 Qc7 18.Ne4 Rfd8 19.a3 a5 20.Rf1 Bxe4 21.Bxe4 Nd4 22.Bxd4 Rxd4
23.Kh1 Bf6 24.Rac1 Rd6 25.c4 Bd4 26.Qe2 Bc5 27.f5 Bxa3 28.Ra1 Bb4 29.Qg4 exf5
30.Rxf5 Rg6 31.Qh5 Bc3 32.Raf1 Rf6 33.Bd5 Qe7 34.Qg4 Re8 35.d4 Rxf5 36.Qxf5 Rf8
37.Qd3 Bb2 38.Kg2 Qd6 39.Rf2 Qa3 40.Qg6 Bxd4 41.Rxf7 Kh8 42.Be4 Kg8 43.Bd5 Kh8
44.Be4 Kg8 45.Rxb7 Rf2+ 46.Kh3 Qd6 47.Qh7+  1-0

[Event "FTX Road to Miami KO 2022"]
[Site "chess24.com INT"]
[Date "2022.07.14"]
[Round "1.13"]
[White "Wei Yi"]
[Black "Sevian,Samuel"]
[Result "1/2-1/2"]
[WhiteElo "2727"]
[BlackElo "2684"]

1.c4 e5 2.g3 Nf6 3.Bg2 d5 4.cxd5 Nxd5 5.Nf3 Nc6 6.O-O Nb6 7.b3 Be7 8.Qc2 O-O
9.Bb2 f6 10.a3 Be6 11.b4 Qd7 12.Rd1 Rad8 13.d4 exd4 14.Bxd4 Qe8 15.Nc3 Qf7
16.Rab1 Rd7 17.Bxb6 Rxd1+ 18.Rxd1 axb6 19.Rd2 Rd8 20.b5 Rxd2 21.Qxd2 Na5
22.Nd4 Bc4 23.Nf5 Be6 24.Bd5 Bf8 25.e4 Nc4 26.Qe2 Bxd5 27.Nxd5 Nxa3 28.Qd3 Nxb5
29.Qxb5 c6 30.Nxf6+ Qxf6 31.Qxb6 Qe6 32.f3 g6 33.Ne3 h5 34.Kg2 Qa2+ 35.Kh3 Qf7
36.Kg2 Qa2+ 37.Kh3 Qf7 38.Kg2 Qa2+  1/2-1/2

[Event "FTX Road to Miami KO 2022"]
[Site "chess24.com INT"]
[Date "2022.07.14"]
[Round "1.12"]
[White "Sevian,Samuel"]
[Black "Wei Yi"]
[Result "1-0"]
[WhiteElo "2684"]
[BlackElo "2727"]

1.e4 c5 2.Nf3 d6 3.d4 cxd4 4.Nxd4 Nf6 5.Nc3 a6 6.Be2 e5 7.Nb3 Be7 8.O-O O-O
9.Re1 Be6 10.Bf3 Qc7 11.a4 Nbd7 12.a5 Rfc8 13.Be3 h6 14.h3 Rab8 15.Nd2 Bf8
16.Nf1 b5 17.axb6 Nxb6 18.Rxa6 Nc4 19.Ra7 Qd8 20.b3 Nxe3 21.Rxe3 d5 22.exd5 Bc5
23.Ra6 Bxe3 24.Nxe3 Rxc3 25.dxe6 Qxd1+ 26.Bxd1 Rd8 27.Be2 fxe6 28.Rxe6 e4
29.Bc4 Kh7 30.g4 Kg6 31.h4 Rxe3 32.fxe3 Rd1+ 33.Kf2 Rd2+ 34.Kg3 Rxc2 35.Rc6 Rb2
36.h5+  1-0

[Event "FTX Road to Miami KO 2022"]
[Site "chess24.com INT"]
[Date "2022.07.14"]
[Round "1.21"]
[White "Sevian,Samuel"]
[Black "Wei Yi"]
[Result "1/2-1/2"]
[WhiteElo "2684"]
[BlackElo "2727"]

1.e4 c5 2.Nf3 d6 3.d4 cxd4 4.Nxd4 Nf6 5.Nc3 a6 6.Be2 e5 7.Nb3 Be7 8.O-O O-O
9.Re1 Be6 10.Bf3 Nbd7 11.a4 Qc7 12.a5 Rfc8 13.Be3 h6 14.h3 Rab8 15.Nd2 Bd8
16.Re2 b5 17.axb6 Nxb6 18.Re1 Nc4 19.Nxc4 Bxc4 20.Na4 Be6 21.Re2 Qc6 22.b3 d5
23.exd5 Bxd5 24.Bxd5 Nxd5 25.c4 Nxe3 26.Rxe3 Qb7 27.Qf3 Bg5 28.Qxb7 Rxb7
29.Rc3 e4 30.Rd1 f5 31.Rd5 Bf6 32.Re3 Bg5 33.Rc3 Bf6 34.Re3 Bg5 35.Rc3  1/2-1/2

[Event "FTX Road to Miami KO 2022"]
[Site "chess24.com INT"]
[Date "2022.07.15"]
[Round "2.12"]
[White "Rapport,R"]
[Black "Wei Yi"]
[Result "0-1"]
[WhiteElo "2764"]
[BlackElo "2727"]

1.e4 c5 2.Nf3 d6 3.Bb5+ Nd7 4.d4 cxd4 5.Nxd4 Nf6 6.O-O e5 7.Nf5 a6 8.Bd3 Nc5
9.Nc3 d5 10.Bg5 dxe4 11.Bxe4 Ncxe4 12.Nxg7+ Bxg7 13.Qxd8+ Kxd8 14.Nxe4 Ke7
15.f4 Ke6 16.f5+ Ke7 17.Rad1 a5 18.Rd5 Ra6 19.Re1 Kf8 20.Rd8+ Ke7 21.Rd5 Kf8
22.Rxe5 Ng4 23.Rd5 f6 24.Bf4 Ne5 25.Rc5 Bxf5 26.Bxe5 Bxe4 27.Rc8+ Kf7 28.Rc7+ Kg8
29.Rc8+ Kf7 30.Rc7+ Kg8 31.Rc8+ Bf8 32.Bd4 Re6 33.Re3 Kf7 34.Rc7+ Be7 35.Bc5 Re8
36.Kf2 Bc6 37.Ra3 a4 38.b4 axb3 39.axb3 Kg6 40.Rxe7 R8xe7 41.Bxe7 Rxe7  0-1

[Event "FTX Road to Miami KO 2022"]
[Site "chess24.com INT"]
[Date "2022.07.15"]
[Round "2.11"]
[White "Wei Yi"]
[Black "Rapport,R"]
[Result "1/2-1/2"]
[WhiteElo "2727"]
[BlackElo "2764"]

1.e4 c5 2.Nf3 e6 3.d4 cxd4 4.Nxd4 a6 5.Bd3 Bc5 6.Nb3 Ba7 7.O-O Nc6 8.Qe2 Nge7
9.c4 O-O 10.Nc3 d6 11.Be3 e5 12.Rad1 Be6 13.Nd5 a5 14.a4 Nb4 15.Bxa7 Rxa7
16.Qe3 b6 17.Nxb4 axb4 18.a5 Nc8 19.axb6 Qxb6 20.Qd2 Rc7 21.Rc1 Ne7 22.Rfd1 Rfc8
23.Bf1 Rc6 24.Ra1 h6 25.Ra4 Rb8 26.Na5 Rc7 27.Qxd6 Qxd6 28.Rxd6 Ra8 29.b3 Kh7
30.c5 Rca7 31.Nc4 Rxa4 32.bxa4 b3 33.Nxe5 Rxa4 34.Rb6 Ra1 35.f3 Ng6 36.Nd3 Bc4
37.Kf2 Rxf1+ 38.Kxf1 Ne5 39.Rxb3 Nxd3 40.Rc3 Bb5 41.Kg1 Ne5 42.f4 Nc6 43.Rb3 Ba4
44.Rb6 Kg6 45.Ra6 Bb5 46.Rb6 Ba4 47.Kf2 Kf6 48.Ra6 Bb5 49.Rb6 Ba4 50.Ke3 Ke6
51.Ra6 Bb5 52.Rb6 Ba4 53.Kd3 Kd7 54.Rb7+ Ke6 55.Rb6 Kd7 56.Rb7+ Ke6 57.Kc3 g6
58.g4 g5 59.f5+ Kf6 60.h3 Ne5 61.Rb4 Bc6 62.Rd4 Ke7 63.Rd6 f6 64.Rd4 Nf3
65.Rd3 Ne5 66.Rd4 Nf3 67.Rd3 Ne5 68.Re3 Be8 69.Kb4 h5 70.gxh5 Bxh5 71.Ra3 Be8
72.Ra7+ Kd8 73.Ra8+ Ke7 74.Ra7+ Bd7 75.Rb7 Kd8 76.Rb8+ Ke7 77.Rb7 Nc6+ 78.Kc3 Kd8
79.Rb6 Kc7 80.Kc4 Be8 81.Kc3 Bh5 82.Kd3 Bf3 83.Rb2 Bh5 84.Ke3 Ne5 85.Ra2 Be8
86.Ra7+ Kd8 87.Rh7 Bc6 88.h4 gxh4 89.Rxh4 Ke7 90.Rh7+ Ke8 91.Rh3 Ke7 92.Kd4 Nd7
93.Rh7+ Ke8 94.Rh8+ Ke7 95.Rc8 Ne5 96.Rc7+ Kd8 97.Rg7 Ke8 98.Rg3 Ke7 99.Ra3 Kd8
100.Rb3 Ke7 101.Rh3 Ke8 102.Rg3 Kf7 103.Re3 Ke7 104.Kc3 Kd7 105.Kb4 Kc7 106.Kc3 Kd7
107.Kd4 Ke7 108.Re2 Nf3+ 109.Ke3 Ne5 110.Rg2 Nd7 111.Rc2 Ne5 112.Rc1 Ng4+
113.Kf4 Ne5 114.Rd1 Nf7 115.Rd2 Ke8 116.Rd4 Ke7 117.Rd1 Ke8 118.Rg1 Ne5 119.Rg7 Nd3+
120.Ke3 Ne5 121.Rg1 Nc4+ 122.Kf4 Ne5 123.Rd1 Nf7 124.Rd3 Ke7 125.Rd4 Ke8
126.Kg4 Kf8 127.Kf4 Ke8 128.Kg4 Kf8 129.Kf4 Ke8  1/2-1/2